000 00623nam a22002052 4500
001 0000004796
005 20151217155210.0
008 070529s xx 000 0 eng d
040 _aKABU
_cKABU
050 0 _aQP141
_b.D798 1994
100 1 _aDupuy, Nancy Anne.
_@0000155603
245 1 0 _aFocus on nutrition /
_cNancy A. Dupuy, Virginia Lee Mermel.
260 _aMadison, W1 :
_bBrown & Benchmark,
_c1994.
300 _axxi, 250 p.
650 0 _aNutrition.
_@0000155604
700 1 _aMermel, Virginia Lee.
_@0000155605
908 _a070529
950 _@1
999 _c11942
_d11942